00892nam a2200217 a 450000100100000000500170001000800410002702000150006804000250008308200130010810000310012124500700015226001340022230000430035649000210039950000680042050400300048883000280051895201110054699900170065700004147920201002034927.0131007s2003 it abc 001 0 spa d a8400082052 aDO-SdBNPbspacBNPHU axxxbxxx1 aZamora, José Á.96816713aEl hombre fenicio :bestudios y materiales /cJosé Á. Zamora. aRoma, Italia :bConsejo Superior de Investigaciones CientíficasbEscuela Española de Historia y Arqueología en Roma,c2003. a320 p. :bil., mapas, retrs. ;c30 cm.1 aArqueológiav9 aIncluye notas y referencias bibliografícas al pie de página aBibliografía p: 283-297 0aArqueológiav9941009 001050718MOaGRbGRcCTd2013-10-07iLF1l0oxxx xxxp41479-10r2020-06-25w2020-06-25y1ZNo se presta c40969d40969